000 00807cab a2200229 4500
001 WB3045-61
008 090401t1994 xxu||||| |||| 00| 0 eng d
035 _a(Sirsi) u16633
041 _aeng
245 _aPermitted development
260 _c1994
350 _a0
490 _aEstates Gazette Case Summaries
_v1994 EGCS 189 (26 November 1994)
520 _a"David McAlpine v SoS Environment", QBD 14 November 1994, which discussed whether development of a swimming pool and tennis courts was within the curtilage of a house and if not whether it constituted a permitted development.
650 _aCURTILAGE
650 _aENFORCEMENT NOTICES
650 _aPERMITTED DEVELOPMENT
650 _aSWIMMING POOL
690 _aPLANNING LAW AND PRACTICE-CASE LAW
942 _n0
948 _c04/03/1997
999 _c10978
_d10978